000 00829nam a2200205Ia 4500
999 _c39427
_d39427
001 6018
003 GE_BSU
005 20190903131207.0
008 181216s1981||||ge |||||||||||||| ||geo||
040 _cGE_BSU
041 _ageo
080 _a821.353.1-92 ა-20
100 _aაბშილავა, ამირან
_93876
245 _aსაიდან იწყება სამშობლო ... /
_cამირან აბშილავა ; რედ. ზ. მოლაშხია.
264 _aთბილისი :
_bსაბჭოთა საქართველო ;
_c1981.
300 _a290 გვ. ;
_c20 სმ.
653 _aსაიდან იწყება სამშობლო
700 _aმოლაშხია, ზ.
_eრედაქტორი
_93877
942 _cBK
_2udc